000 00560nam a2200169Ia 4500
008 151202s9999||||xx |||||||||||||| ||und||
082 _bPNVM-86408
100 _aकुंटे जगन्नाथ.
245 _aसाधनामस्त.
260 _b"प्राजक्त प्रकाशन, पुणे."
260 _c256
600 _aकुंटे जगन्नाथ.
630 _aसाधनामस्त.
700 _aकुंटे जगन्नाथ.
730 _aसाधनामस्त.
942 _cBOOK
999 _c1350454
_d1350451